<?xml version="1.0" encoding="UTF-8"?>
<collection xmlns="http://www.loc.gov/MARC21/slim">
    <record>
        <controlfield tag="001">63561</controlfield>
        <controlfield tag="005">20171218115555.0</controlfield>
        <datafield tag="024" ind1="8" ind2=" ">
            <subfield code="2">sideral</subfield>
            <subfield code="a">102948</subfield>
        </datafield>
        <datafield tag="037" ind1=" " ind2=" ">
            <subfield code="a">ART-2016-102948</subfield>
        </datafield>
        <datafield tag="041" ind1=" " ind2=" ">
            <subfield code="a">spa</subfield>
        </datafield>
        <datafield tag="100" ind1=" " ind2=" ">
            <subfield code="0">(orcid)0000-0002-6083-8759</subfield>
            <subfield code="a">Latorre Cosculluela, Cecilia</subfield>
            <subfield code="u">Universidad de Zaragoza</subfield>
        </datafield>
        <datafield tag="245" ind1=" " ind2=" ">
            <subfield code="a">La inclusión social de personas con diversidad funcional en una experiencia de vida independiente</subfield>
        </datafield>
        <datafield tag="260" ind1=" " ind2=" ">
            <subfield code="c">2016</subfield>
        </datafield>
        <datafield tag="506" ind1="0" ind2=" ">
            <subfield code="a">Access copy available to the general public</subfield>
            <subfield code="f">Unrestricted</subfield>
        </datafield>
        <datafield tag="520" ind1="3" ind2=" ">
            <subfield code="a">Dada la esencial importancia de las prácticas sociales inclusivas para las personas con diversidad funcional, en la actualidad son cada vez más las experiencias que se están implementando con esta población desde el movimiento ampliamente conocido de Vida Independiente. En esta línea, el objetivo de este estudio es analizar la efectividad de una de estas experiencias concretas para potenciar las habilidades sociales y la inclusión social de personas con diversidad funcional que conviven con estudiantes universitarios. Se adoptó para ello el método cualitativo de estudio de caso que permitiera una comprensión profunda y detallada de la cuestión a analizar, y en el que la unidad de análisis corresponde al proyecto denominado “Hacia una Vida Independiente”. Para la recogida de información se han administrado dos entrevistas a un total de 18 jóvenes, el análisis de documentos y la observación participante. Los datos extraídos indican una valoración claramente positiva en cuanto a la inclusión social de las personas con diversidad funcional que han disfrutado la experiencia, más concretamente en las habilidades sociales, la convivencia y el ocio. En consecuencia, se concluye la efectividad del proyecto en la potenciación de la inclusión social de esta población y, por ende, de su calidad de vida.</subfield>
        </datafield>
        <datafield tag="540" ind1=" " ind2=" ">
            <subfield code="9">info:eu-repo/semantics/openAccess</subfield>
            <subfield code="a">by</subfield>
            <subfield code="u">http://creativecommons.org/licenses/by/3.0/es/</subfield>
        </datafield>
        <datafield tag="655" ind1=" " ind2="4">
            <subfield code="a">info:eu-repo/semantics/article</subfield>
            <subfield code="v">info:eu-repo/semantics/publishedVersion</subfield>
        </datafield>
        <datafield tag="700" ind1=" " ind2=" ">
            <subfield code="0">(orcid)0000-0002-9685-8399</subfield>
            <subfield code="a">Liesa Orús, Marta</subfield>
            <subfield code="u">Universidad de Zaragoza</subfield>
        </datafield>
        <datafield tag="710" ind1="2" ind2=" ">
            <subfield code="1">4001</subfield>
            <subfield code="2">215</subfield>
            <subfield code="a">Universidad de Zaragoza</subfield>
            <subfield code="b">Departamento de Ciencias de la Educación</subfield>
            <subfield code="c">Didáctica y Organización Escolar</subfield>
        </datafield>
        <datafield tag="773" ind1=" " ind2=" ">
            <subfield code="g">9, 2-bis (2016), 171-185</subfield>
            <subfield code="p">Rev. educ. incl.</subfield>
            <subfield code="t">Revista de Educación Inclusiva</subfield>
            <subfield code="x">1889-4208</subfield>
        </datafield>
        <datafield tag="856" ind1="4" ind2="1">
            <subfield code="u">http://www.revistaeducacioninclusiva.es/index.php/REI/article/view/278/260</subfield>
            <subfield code="z">Texto completo de la revista</subfield>
        </datafield>
        <datafield tag="856" ind1="4" ind2=" ">
            <subfield code="s">108054</subfield>
            <subfield code="u">http://zaguan.unizar.es/record/63561/files/texto_completo.pdf</subfield>
            <subfield code="y">Versión publicada</subfield>
        </datafield>
        <datafield tag="856" ind1="4" ind2=" ">
            <subfield code="s">65521</subfield>
            <subfield code="u">http://zaguan.unizar.es/record/63561/files/texto_completo.jpg?subformat=icon</subfield>
            <subfield code="x">icon</subfield>
            <subfield code="y">Versión publicada</subfield>
        </datafield>
        <datafield tag="909" ind1="C" ind2="O">
            <subfield code="o">oai:zaguan.unizar.es:63561</subfield>
            <subfield code="p">articulos</subfield>
            <subfield code="p">driver</subfield>
        </datafield>
        <datafield tag="951" ind1=" " ind2=" ">
            <subfield code="a">2017-12-18-10:58:19</subfield>
        </datafield>
        <datafield tag="980" ind1=" " ind2=" ">
            <subfield code="a">ARTICLE</subfield>
        </datafield>
    </record>

    
</collection>